Vertragsrecht

Gespeichert in:
Bibliographische Detailangaben
1. Verfasser: Klamroth, Sabine
Weitere Verfasser: Walter, Reinhard
Format: Buch
Sprache:Deutsch
Veröffentlicht: Wiesbaden Gabler 1991
Ausgabe:1. Aufl.
Schlagworte:
Tags: Tag hinzufügen
Keine Tags, Fügen Sie das erste Tag hinzu!

MARC

LEADER 00000nam a2200000 4500
001 c000194
005 20221214102254.0
020 |a 3-409-13967-2 
041 0 |a ger 
044 |a DE 
245 1 0 |a Vertragsrecht  |c Sabine Klamroth, Reinhard Walter 
250 |a 1. Aufl. 
264 1 |a Wiesbaden  |b Gabler  |c 1991 
300 |a 103 s. 
610 2 0 |a právo zmluvné 
610 2 0 |a normy právne 
610 2 0 |a zmluvy hospodárske 
610 2 0 |a zmluvy obchodné 
610 2 0 |a zmluvy kúpne 
610 2 0 |a zmluvy pracovné 
610 2 0 |a zmluvy licenčné 
610 2 0 |a súdnictvo 
610 2 0 |a právo občianske 
100 1 |a Klamroth, Sabine 
700 1 |a Walter, Reinhard